Tina Turner Songs - Sudden Death - Statistics

General Stats
  • This quiz has been taken 34 times
  • The average score is 9 of 15
Answers on the Grid
Answers color-coded by a green-red scale on the quiz's grid according to % correct below.
The Best
What's Love Got To Do With It
We Don't Need Another Hero
Proud Mary
I Don't Wanna Lose You
Let's Stay Together
Private Dancer
Look Me In The Heart
Steamy Windows
I Don't Wanna Fight
Disco Inferno
Nutbush City Limits
I Can't Stand The Rain
Better Be Good To Me
I Might Have Been Queen
Wind Of Change
Listen To Your Heart
The Winner Takes It All
Super Trouper
The Show Must Go On
Total Eclipse Of The Heart
Holding Out For A Hero
My Heart Will Go On
Self Control
Running Up That Hill (A Deal With God)
 
Answer Stats
Answer % Correct
The Best
91%
What's Love Got To Do With It
91%
Private Dancer
87%
Proud Mary
83%
We Don't Need Another Hero
83%
Better Be Good To Me
70%
Nutbush City Limits
65%
I Don't Wanna Fight
57%
Let's Stay Together
57%
Steamy Windows
57%
I Don't Wanna Lose You
52%
I Can't Stand The Rain
43%
Look Me In The Heart
43%
Disco Inferno
35%
I Might Have Been Queen
30%
No matching quizzes found
Score Distribution
Percent of People with Each Score
Percentile by Number Answered
Your Score History
You have not taken this quiz